Największe miasta w Albanii - Statystyki

Ogólne statystyki
  • Ten quiz został rozwiązany 23 razy
  • Średni wynik to 5 z 15
Statystyki odpowiedzi
LP. Liczba Ludności Miasta % Poprawnych
1. 858,300 Tirana
100%
2. 201,500 Durres
80%
5. 102,100 Szkodra
60%
3. 141,500 Wlora
55%
8. 51,200 Korcza
30%
15. 17,200 Saranda
30%
4. 126,700 Elbassan
25%
9. 32,600 Berat
20%
7. 55,800 Fier
15%
13. 19,800 Gjirokastra
15%
12. 20,200 Kavaja
10%
11. 20,800 Pogradec
10%
14. 18,500 Fushe-Kruja
5%
6. 66,800 Kamza
5%
10. 31,100 Lushnja
5%
Nie znaleziono quizów pasujących do podanych kryteriów
Rozkład punktacji
Procent ludzi z każdym wynikiem
Percentyl według liczby udzielonych odpowiedzi
Twoja historia wyników
Nie rozwiązałeś tego quizu